LEADER 01417nam a2200301 a 4500 001 000000159943 003 CaOOAMICUS 005 20170405124710.0 008 170405s1964 sp m 001 u spa r 032 $aLibriCat 040 $aPUL$bita 100 1 $aPrijatelj, Francisco.$0(OLS)http://pul/name/102309 245 13$aLa antinomia, conciencia del proprio valer-humildad en el epistolario de s. Teresa de Jesús / $cauctore Francisco Prijatelj. 260 $aBurgos :$b[s.n.],$c1964. 300 $aVIII, 113 p. ;$c25 cm. 502 $aTesi -- Pontificia Universitas Gregoriana. Facultas theologica. 1964. 504 $aBibliografia in nota. 600 04$aTheresia a Iesu,$cs.,$d1515-1582.$0(OLS)http://pul/subject/17025 710 2 $aPontificia Università Gregoriana.$bFacoltà di teologia.$kTesi.$0(OLS)http://pul/name/81592 850 $aPUL 852 $aPUL$W1$xDP1 Tesi Pon. Univ. Gregoriana$y40$mTH PUG 1609$j183529$qTesi$B186735$CPULBib$Z2$F186735 $H25768 $82 941 1 $a16 960 $aTeresa di Gesù,$cs.,$d1515-1582$917025 960 $aTeresa d'Avila,$cs.,$d1515-1582$917025 960 $aTeresia a Iesu,$cs.,$d1515-1582$917025 996 $6245$aLa antinomia, conciencia del proprio valer-humildad en el epistolario de s. Teresa de Jesús / $9(OLS)http://pul/title/199579 996 $6260$aBurgos :$b[s.n.]$9(OLS)http://pul/publisher/64152 LEADER 01382nam a2200289 u 4500 001 000000075932 003 CaOOAMICUS 005 20070226123144.0 008 031027s1989 gw u000 u ger u 020 $a3893750150 035 $a10974253 040 $aPUL$bita 100 1 $aBerger, Teresa.$0(OLS)http://pul/name/49590 245 10$aTheologie in Hymnen? :$bZum Verhältnis von Theologie und Doxologie am Beispiel der "Collection of Hymns for the use of people called methodists" (1780) /$cTeresa Berger. 260 $aAltenberge :$bTelos,$c1989. 300 $a234 p. ;$c21 cm 490 1 $aMünsteraner theologische Abhandlungen ;$v6 504 $aBibliografia: p. 214-228. 650 4$aMetodisti.$0(OLS)http://pul/subject/23816 650 4$aTeologia.$0(OLS)http://pul/subject/118 830 0$aMünsteraner theologische Abhandlungen ;$v6.$0(OLS)http://pul/title/452 850 $aPUL 852 $aPUL$W1$xDP2 Religione 1$y63$m63 I 6$j97600$nBK-PRI$qStampati$B97600$CPULBib$Z2$F97600 $H92416 $82 941 1 $a8 996 $6020$a3893750150$9(OLS)http://pul/number/99390 996 $6245$aTheologie in Hymnen? :$bZum Verhältnis von Theologie und Doxologie am Beispiel der "Collection of Hymns for the use of people called methodists" (1780)$9(OLS)http://pul/title/99600 996 $6260$aAltenberge :$bTelos$9(OLS)http://pul/publisher/48056